Normal view
MARC view
Entry Personal Name
001 - CONTROL NUMBER
- control field: 28160
003 - CONTROL NUMBER IDENTIFIER
- control field: ARRUPE
005 - DATE AND TIME OF LATEST TRANSACTION
- control field: 20170104091717.0
008 - FIXED-LENGTH DATA ELEMENTS
- fixed length control field: 170104|| aca||aabn | a|a d
040 ## - CATALOGING SOURCE
- Original cataloging agency: ARRUPE
- Transcribing agency: ARRUPE
100 ## - HEADING--PERSONAL NAME
- Personal name: Pugliese, Cristiana.
670 ## - SOURCE DATA FOUND
- Source citation: Work cat.: (ARRUPE)0: Pugliese, Cristiana., Author, publisher and Gīkūyū nationalist :, c1995.